<?xml version="1.0" encoding="UTF-8"?>
<marc:record xmlns:marc="http://www.loc.gov/MARC21/slim">
   <marc:leader>00000nam a2200000 a 4500</marc:leader>
   <marc:datafield ind1="0" ind2="0" tag="245">
      <marc:subfield code="a">Malte &amp; Oßkar und der Lauf der Dinge</marc:subfield>
   </marc:datafield>
   <marc:datafield ind1="1" ind2=" " tag="520">
      <marc:subfield code="a">Erinnerungen bleiben für immer&#xD;
&#xD;
In einer Straße, inmitten von Straßen, schaukelt ein Körbchen sachte im Wind. Das Körbchen hängt an einem Band, gespannt zwischen drei ganz besonderen Freunden: Malte &amp; Oßkar und Phia. Jeden Tag hüpft...</marc:subfield>
   </marc:datafield>
   <marc:datafield ind1=" " ind2=" " tag="020">
      <marc:subfield code="a">9783751207294</marc:subfield>
      <marc:subfield code="9">9783751207294</marc:subfield>
   </marc:datafield>
   <marc:datafield ind1=" " ind2=" " tag="338">
      <marc:subfield code="a">Band</marc:subfield>
   </marc:datafield>
</marc:record>
